Lazarillo de Tormes ; (Registro nro. 107970)

Detalles MARC
000 -LEADER
campo de control de longitud fija 00931nam a2200265 i 4500
001 - NÚMERO DE CONTROL
campo de control 107970
003 - IDENTIFICADOR DE NÚMERO DE CONTROL
campo de control ES-MaACL
005 - FECHA Y HORA DE LA ÚLTIMA TRANSACCIÓN
campo de control 20250829080507.0
007 - CAMPO FIJO DE DESCRIPCIÓN FÍSICA--INFORMACIÓN GENERAL
campo de control de longitud fija t|
008 - DATOS DE LONGITUD FIJA--INFORMACIÓN GENERAL
campo de control de longitud fija 070105s1970 sp ||||1| spa d
080 ## - NÚMERO DE LA CLASIFICACIÓN DECIMAL UNIVERSAL
Número de la Clasificación Decimal Universal 86-311.2"15"
080 ## - NÚMERO DE LA CLASIFICACIÓN DECIMAL UNIVERSAL
Número de la Clasificación Decimal Universal 86-313.1"16"
130 0# - ENTRADA PRINCIPAL--TÍTULO UNIFORME
Título uniforme Lazarillo de Tormes.
9 (RLIN) 122472
245 10 - MENCIÓN DEL TÍTULO
Título Lazarillo de Tormes ;
Resto del título El diablo cojuelo /
Mención de responsabilidad, etc. Luis Vélez de Guevara ; edición y notas de Inmaculada Ferrer ; prólogo de Francisco Rico.
260 ## - PUBLICACIÓN, DISTRIBUCIÓN, ETC.
Lugar de publicación, distribución, etc. Estella (Navarra) :
Nombre del editor, distribuidor, etc. Salvat,
Fecha de publicación, distribución, etc. 1970.
300 ## - DESCRIPCIÓN FÍSICA
Extensión 178 p. ;
Dimensiones 19 cm.
490 1# - MENCIÓN DE SERIE
Mención de serie Biblioteca básica Salvat de Libros RTV ;
Designación de volumen o secuencia 65
700 1# - ENTRADA AGREGADA--NOMBRE PERSONAL
Nombre de persona Vélez de Guevara, Luis,
Fechas asociadas al nombre 1579-1644
9 (RLIN) 113833
700 1# - ENTRADA AGREGADA--NOMBRE PERSONAL
Nombre de persona Ferrer, Inmaculada.
9 (RLIN) 50420
700 1# - ENTRADA AGREGADA--NOMBRE PERSONAL
Nombre de persona Rico, Francisco,
Fechas asociadas al nombre 1942-
9 (RLIN) 97012
740 32 - ENTRADA AGREGADA--TÍTULO RELACIONADO/ANALÍTICO NO CONTROLADO
Título relacionado o analítico no controlado El diablo cojuelo.
830 10 - PUNTO DE ACCESO ADICIONAL DE SERIE-TÍTULO UNIFORME
Título uniforme Biblioteca básica Salvat de libros RTV
Designación de volumen o secuencia 65
9 (RLIN) 185398
852 4# - LOCALIZACIÓN
Ubicación ES-MaACL
Número de control de estantería E-2986
Existencias
Estatus retirado Estado de pérdida Estado de daño No para préstamo Biblioteca de origen Biblioteca actual Ubicación en estantería Fecha de adquisición Fuente de adquisición Total de préstamos Signatura topográfica completa Código de barras Visto por última vez Precio de reemplazo Tipo de ítem Koha
        Biblioteca del Ateneo de Madrid Biblioteca del Ateneo de Madrid Depósito 2 17/01/2008     E-2986 1112674 23/02/2023 23/02/2023 Libro impreso